| 000 | 00461 a2200109 4500 | ||
|---|---|---|---|
| 001 | ART_17227 | ||
| 005 | 20260410161854.0 | ||
| 008 | 260409a | ||
| 245 | 1 | 0 | _aAlgunos aspectos de la reforma proyectada en la Teoría General de los Contratos. Principios, definición, clasificación y categoría contractuales. |
| 100 | 1 | _aCaramelo, Gustavo | |
| 773 | 0 |
_tDerecho privado _gReforma del Código Civil III - Año II, Nº 4 (mar. 2013) _wREV10455 |
|
| 999 |
_c25313 _d25313 |
||